000
00339nam a2200145Ia 4500
008
230525s9999 xx 000 0 und d
020
_a
9780340818671
082
_a
823
_b
STEH
100
_a
STEPHEN KING
245
0
_a
Hearts in Atlantis
260
_a
Newyork
_b
New English Lib.
_c
1999
300
_a
621
650
_a
Fiction
942
_c
BK
999
_c
2964
_d
2964